| 000 | 00440nam a2200109Ia 4500 | ||
|---|---|---|---|
| 008 | 171204s9999 xx 000 0 und d | ||
| 245 | _aCreating Documents and Queries in SAP BusinessObjects Web Intelligence: (SAP PRESS E-Bites Book 11) | ||
| 245 | _cDallas Marks, Gabriel Orthous, Heather Sinkwitz, and Jim Brogden | ||
| 260 | _c2016 | ||
| 650 | _xBUSINESS INTELLIGENCE AND ANALYTICS | ||
| 856 | _uhttp://down.ebook777.com/037/B01IX3L090.pdf | ||
| 999 |
_c347130 _d347130 |
||